| 000 | 00571nam a2200157Ia 4500 | ||
|---|---|---|---|
| 008 | 151213s9999 xx 000 0 und d | ||
| 100 | _aআব্দুল মান্নান সৈয়দ। | ||
| 245 |
_aশ্রেষ্ঠ নজরুল। _cআব্দুল মান্নান সৈয়দ। |
||
| 250 | _a১ম সং | ||
| 260 |
_aঢাকা _bএফ রহমান _c1996 |
||
| 300 | _a8332 p. | ||
| 650 | _aBangla | ||
| 650 | _aরচনাবলী | ||
| 700 | _aআব্দুল মান্নান সৈয়দ। | ||
| 999 |
_c4174 _d4174 |
||